The English novel before the nineteenth century, excerpts from representative types, selected by A.B. Hopkins [and] H.S. Hughes./ (Record no. 76624)
[ view plain ]
| 000 -LEADER | |
|---|---|
| fixed length control field | 00870nam a22002533 4500 |
| 001 - CONTROL NUMBER | |
| control field | 76624 |
| 003 - CONTROL NUMBER IDENTIFIER | |
| rucl marc code | BD-RjUL |
| 005 - DATE AND TIME OF LATEST TRANSACTION | |
| control field | 20211209082851.0 |
| 008 - FIXED-LENGTH DATA ELEMENTS--GENERAL INFORMATION | |
| fixed length control field | 191226s1915 mau 000 0 |
| 035 ## - SYSTEM CONTROL NUMBER | |
| System control number | BD-RjUL)76848 |
| 040 ## - CATALOGING SOURCE | |
| Original cataloging agency | BD-RjUL |
| Language of cataloging | eng |
| Transcribing agency | BD-RjUL |
| 041 ## - LANGUAGE CODE | |
| Language code of text/sound track or separate title | eng |
| 082 ## - DEWEY DECIMAL CLASSIFICATION NUMBER | |
| Classification number | 809.3 |
| Author mark and year | ENG 1915 |
| 092 ## - LOCALLY ASSIGNED DEWEY CALL NUMBER (OCLC) | |
| Classification number | ME348 |
| 100 1# - MAIN ENTRY--PERSONAL NAME | |
| Personal name | Hopkins, Annette Brown |
| Relator term | ed. |
| 9 (RLIN) | 236943 |
| 245 14 - TITLE STATEMENT | |
| Title | The English novel before the nineteenth century, excerpts from representative types, selected by A.B. Hopkins [and] H.S. Hughes./ |
| Statement of responsibility, etc. | edited by Annette Brown Hopkins , Helen Sard Hughes |
| 260 ## - PUBLICATION, DISTRIBUTION, ETC. (IMPRINT) | |
| Place of publication, distribution, etc. | Boston, New York : |
| Date of publication, distribution, etc. | 1915 |
| Name of publisher, distributor, etc. | Ginn and co. , |
| 300 ## - PHYSICAL DESCRIPTION | |
| Size | 23 cm |
| Pagination | xiii, 794 p. ; |
| 504 ## - BIBLIOGRAPHY, ETC. NOTE | |
| Bibliography, etc | Includes bibliography and Index |
| 690 00 - LOCAL SUBJECT ADDED ENTRY--TOPICAL TERM (OCLC, RLIN) | |
| Topical term or geographic name as entry element | English literature |
| 752 ## - ADDED ENTRY--HIERARCHICAL PLACE NAME | |
| Country or larger entity | USA |
| First-order political jurisdiction | Massachusetts |
| City | Boston |
| 942 ## - ADDED ENTRY ELEMENTS (KOHA) | |
| Source of classification or shelving scheme | Dewey Decimal Classification |
| Koha item type | Books |
| Lost status | Source of classification or shelving scheme | Damaged status | Not for loan | Collection code | Permanent Location | Current Location | Shelving location | Date acquired | Source of acquisition | Total Checkouts | Full call number | Date last seen | Copy number | Koha item type |
|---|---|---|---|---|---|---|---|---|---|---|---|---|---|---|
| Dewey Decimal Classification | Non-fiction | Central Library, University of Rajshahi | Central Library, University of Rajshahi | Reading Room | 01/11/1958 | Asia Foundation , U.S.A. | 809.3 ENG 1915 | 26/12/2019 | C-1 | Books |